00518pab a2200157 454500008004000000100002000040245010300060260000900163300001500172362001200187650004800199650003400247650001700281700001800298773004400316180718b2010 xxu||||| |||| 00| 0 eng d aKamra, Pawan K. aChallenges of urban water crisis: A case study of municipal council, S.A.S. Nagar, Mohali (Punjab) c2010 ap.285-297. aApr-Jun aWater resources management - India - Punjab aWater supply - India - Punjab aWater supply aMishra, Purva aIndian Journal of Public Administration